000 00847nam a2200265 a 4500
001 BRCA_1246
005 20190320203339.0
008 980929s1998 ne-a---##b---#000-0#eng-d
020 _a9040092028
041 _aeng
050 4 _aNK2551
_b.B22 1998
100 1 _aBaarsen, Reinier
_93646
245 1 0 _aDuitse meubelen
_bGerman furniture
_cReinier Baarsen.
260 _aAmsterdam
_bRijksmuseum
260 _aAmsterdam
_bWaanders Uitgevers Zwlle
_c1998
300 _a96 p.
_bil.
_c25 cm.
440 0 _aAspecten van de verzameling beeldhouwkunst en kunstnijverheid
_vd. 8
_94104
504 _aBibliografía: p. 94-95
546 _aTexto en: inglés y alemán
650 1 4 _aMuebles
_zAlemania
_94105
650 1 4 _aMarquetería
_zAlemania
_94106
700 1 _aJackson, Beverley
_94107
710 2 _aRijksmuseum (Netherlands)
_93651
942 _2lcc
_cB
999 _c1116
_d1116